000 00421nam a2200145Ia 4500
008 100204s9999 xx 000 0 und d
082 _b4097
100 _aनरवणे सुधा
245 _aदोलाचल
260 _b"विश्वमोहिनी प्रकाशन , पुणे"
_c1973
300 _a146
630 _aदोलाचल
730 _aदोलाचल
942 _cBOOK
999 _c465715
_d465712